| 000 | 00545nam a22001577a 4500 | ||
|---|---|---|---|
| 999 |
_c3776 _d3776 |
||
| 003 | ALUPE UNIVERSITY | ||
| 005 | 20220210063249.0 | ||
| 008 | 220210b ||||| |||| 00| 0 eng d | ||
| 020 | _a9966900535 | ||
| 040 | _cALUPE UNIVERSITY | ||
| 050 |
_aHB71 _b.A33 1995 |
||
| 245 |
_aAddressing Gender Bias: Graduate Training in Economics _bReport of the 1994 AERC Workshop on Women and Graduate Training in Economics. |
||
| 260 |
_aNairobi Kenya. _bAfrican Economic Research Consortium. _cc1995. |
||
| 300 |
_a(viii, 179p) _c25cm |
||
| 942 |
_2lcc _cBK |
||